Filosofía : una introducción para juristas /

Los autores filósofos y iusfilósofos, interesados en la formación integral filosófica de los abogados, de la presente obra plantean las contribuciones de las diferentes ramas de la filosofía para logar tal propósito. Las contribuciones provienen de la epistemología, lógica, ética, metafísica, filoso...

Бүрэн тодорхойлолт

-д хадгалсан:
Номзүйн дэлгэрэнгүй
Үндсэн зохиолч: Lariguet, Guillermo (edición)
Бусад зохиолчид: González Lagier, Daniel (autor) (autor)
Формат: Ном
Хэл сонгох:испани
Хэвлэсэн: Barcelona, España : Acantilado, 2021, c2021
Цуврал:(El Acantilado ; 428)
Нөхцлүүд:
Шошгууд: Шошго нэмэх
Шошго байхгүй, Энэхүү баримтыг шошголох эхний хүн болох!

MARC

LEADER 00000nam^a2200000^a^4500
001 000554616
005 20250521000000.0
009 20260310131700.983
020 |a 978-84-18370-54-0 
037 |a Acervo ITESO - Biblioteca 
041 |a ESP 
082 |a 101.  |b LAR 
100 |a Lariguet, Guillermo  |e (edición) 
245 1 0 |a Filosofía :  |b una introducción para juristas /  |c Ed. y presen. de G. Lariguet, D. González Lagier. 
264 4 |a Barcelona, España :  |b Acantilado,  |c 2021, c2021 
300 |a 397 p. 
336 |a texto  |b txt  |2 rdacontenido 
337 |a sin mediación  |b n  |2 rdamedio 
338 |a volumen  |b nc  |2 rdasoporte 
440 4 |a (El Acantilado ;  |v 428) 
520 |a Los autores filósofos y iusfilósofos, interesados en la formación integral filosófica de los abogados, de la presente obra plantean las contribuciones de las diferentes ramas de la filosofía para logar tal propósito. Las contribuciones provienen de la epistemología, lógica, ética, metafísica, filosofía de la mente, filosofía política, filosofía del lenguaje, filosofía de la ciencia, filosofía del derecho y los métodos filosóficos; al final se aborda la pregunta sobre qué es la filosofía. 
521 |a FIL 2022 DIA 
649 |a XX 
650 |a Inteligencia -  |x Filosofía 
650 |a Lógica 
650 |a Epistemología 
650 |a Etica 
650 |a Metafísica 
650 |a Filosofía del Lenguaje 
650 |a Filosofía Política 
650 |a Derecho -  |x Filosofía 
650 |a Filosofía -  |x Metodología 
650 |a Filosofía -  |x Teoría 
700 |a González Lagier, Daniel  |e (autor) 
910 |a Fondo General 
920 |a Impresos - Libros 
930 |a Colección General 
905 |a 101 
901 |a 0500388604  |b IT1  |c ACC  |i C181432  |u 20250521 
902 |a https://opac.biblio.iteso.mx/vufind/Record/000554616